000 00585nam a22001817a 4500
005 20251108164139.0
008 250721s1998 xx 000 0 ara d
082 1 4 _aم/300.3/معت
100 1 _aمعتوق، فريدريك
245 1 0 _aمعجم العلوم الإجتماعية :
_bإنكليزي - فرنسي - عربي /
264 1 _aبيروت :
_bأكاديميا،
_c1998.
300 _a384ص
490 0 _aالمعاجم المتخصصة
650 1 7 _aالعلوم الإجتماعية
650 1 7 _aمعاجم المصطلحات
942 _2ddc
_cREF
999 _c4806
_d4806